| Tag |
First Indicator |
Second Indicator |
Subfields |
| LEADER |
00000cam a2200000Ii 4500 |
| 001 |
in00004082607 |
| 005 |
20200117105448.0 |
| 008 |
190615t20192019mdua b 001 0 eng d |
| 020 |
|
|
|a 1498594174
|
| 020 |
|
|
|a 9781498594172
|
| 035 |
|
|
|a (OCoLC)on1104300753
|
| 040 |
|
|
|a YDX
|e rda
|c YDX
|d BDX
|d CDX
|d UtOrBLW
|
| 043 |
|
|
|a e-bn---
|
| 049 |
|
|
|a TXAM
|
| 050 |
|
4 |
|a DR1673
|b .D68 2019
|
| 082 |
0 |
|
|a 305.800949742
|2 23
|
| 100 |
1 |
|
|a Doubt, Keith,
|e author.
|0 http://id.loc.gov/authorities/names/n96069222
|
| 245 |
1 |
0 |
|a Ethnic and national identity in Bosnia-Herzegovina :
|b kinship and solidarity in a polyethnic society /
|c Keith Doubt and Adnan Tufekčić.
|
| 264 |
|
1 |
|a Lanham, Maryland :
|b Lexington Books,
|c [2019]
|
| 264 |
|
4 |
|c ©2019
|
| 300 |
|
|
|a ix, 106 pages :
|b illustrations ;
|c 24 cm.
|
| 336 |
|
|
|a text
|b txt
|2 rdacontent
|
| 336 |
|
|
|a still image
|b sti
|2 rdacontent
|
| 337 |
|
|
|a unmediated
|b n
|2 rdamedia
|
| 338 |
|
|
|a volume
|b nc
|2 rdacarrier
|
| 490 |
1 |
|
|a Anthropology of Kinship and the Family
|
| 504 |
|
|
|a Includes bibliographical references (pages 95-101) and index.
|
| 650 |
|
0 |
|a Ethnicity
|z Bosnia and Herzegovina.
|
| 651 |
|
0 |
|a Bosnia and Herzegovina
|x Ethnic relations.
|0 http://id.loc.gov/authorities/subjects/sh2008114438
|
| 700 |
1 |
|
|a Tufekčić, Adnan,
|e author.
|0 http://id.loc.gov/authorities/names/n2013075506
|
| 830 |
|
0 |
|a Anthropology of kinship and the family.
|
| 945 |
|
|
|b 228009
|
| 947 |
|
|
|a A14850845414
|
| 948 |
|
|
|a cataloged
|b h
|c 2019/11/6
|d c
|e dmitchel
|f 12:12:12 pm
|
| 994 |
|
|
|a 92
|b TXA
|
| 999 |
f |
f |
|s d950b717-5de7-3c78-ba33-5c7fdcbecda5
|i d219ba88-a96c-3acc-bd2c-c4723d86e15c
|t 0
|
| 952 |
f |
f |
|p normal
|a Texas A&M University
|b College Station
|c Sterling C. Evans Library
|d Evans: Library Stacks
|t 0
|e DR1673 .D68 2019
|h Library of Congress classification
|i unmediated -- volume
|m A14850845414
|
| 998 |
f |
f |
|a DR1673 .D68 2019
|t 0
|l Evans: Library Stacks
|